| 000 | 00350nam a2200145Ia 4500 | ||
|---|---|---|---|
| 008 | 150201s2007 xx 000 0 und d | ||
| 082 |
_a612 _bH2007K |
||
| 100 | _aKHURANA,INDU | ||
| 245 | _aHUMAN PHYSIOLOGY FOR DENTAL STUDENTS | ||
| 250 | _a1ST | ||
| 260 |
_bELSEVIER _aDELHI _c2007 |
||
| 300 | _a1-786 | ||
| 650 | _aPHYSIOLOGY | ||
| 942 |
_2ddc _cBK _02 |
||
| 999 |
_c4217 _d4217 |
||